| 000 | 00338nam a2200133Ia 4500 | ||
|---|---|---|---|
| 008 | 210430s9999 xx 000 0 und d | ||
| 082 | _a532W571 F | ||
| 100 |
_aFrank M.White _910449 |
||
| 245 |
_aFluid Mechanics 6thed. _cFrank M.White |
||
| 250 | _a4th | ||
| 260 |
_aPhoto copy _bMcGraw-Hill _c1999 |
||
| 300 | _a826p | ||
| 942 |
_cBK _2ddc |
||
| 999 |
_c561820 _d561820 |
||